Sports Quiz

Random Sports or MLB Quiz

1975 AL Opening Day Lineups Quiz Stats

Quiz not verified by Sporcle

Challenge
Share
Tweet
Embed
Score 0/132 Timer 12:00
0 Plays Today
Team Player % Correct
AthleticsReggie Jackson
96.2%
IndiansFrank Robinson
93.6%
IndiansFrank Robinson
93.6%
OriolesBrooks Robinson
93.6%
RoyalsGeorge Brett
92.3%
TwinsRod Carew
90.2%
Red SoxCarl Yastrzemski
89.6%
Red SoxFred Lynn
89.3%
Red SoxDwight Evans
87.6%
YankeesGraig Nettles
87.5%
AngelsMorris Nettles
87.4%
BrewersRobin Yount
87.2%
AngelsDick Williams
86.6%
AthleticsBilly Williams
86.6%
AthleticsSal Bando
86.3%
YankeesThurman Munson
86.2%
AthleticsVida Blue
84.1%
AthleticsBert Campaneris
84%
OriolesLee May
84%
White SoxCarlos May
84%
Red SoxDarrell Johnson
83.9%
White SoxDeron Johnson
83.9%
RangersBilly Martin
81.5%
OriolesJim Palmer
81.2%
AthleticsGene Tenace
79.3%
AthleticsJoe Rudi
79%
RoyalsAmos Otis
78.5%
OriolesEarl Weaver
78.2%
YankeesChris Chambliss
77.8%
OriolesBobby Grich
77.2%
RoyalsFreddie Patek
76.7%
OriolesMark Belanger
76.6%
BrewersGeorge Scott
75.1%
RoyalsJohn Mayberry
74.8%
Red SoxLuis Tiant
74.8%
RoyalsHarmon Killebrew
74.4%
AthleticsBill North
74.1%
IndiansBoog Powell
72.5%
AngelsNolan Ryan
72.5%
AngelsMickey Rivers
71.7%
Red SoxRico Petrocelli
71.7%
White SoxBucky Dent
71.4%
RangersJeff Burroughs
70.6%
RangersToby Harrah
70.5%
Team Player % Correct
BrewersDarrell Porter
70.2%
OriolesPaul Blair
70%
TigersBill Freehan
68.9%
Red SoxRick Burleson
68.7%
OriolesDon Baylor
68.6%
IndiansBuddy Bell
67.4%
RoyalsHal McRae
66.4%
TigersAurelio Rodriguez
64.5%
AngelsEllie Rodriguez
64.4%
OriolesKen Singleton
64%
TigersWillie Horton
64%
YankeesLou Piniella
63.9%
TigersRon LeFlore
62.6%
AthleticsClaudell Washington
61.7%
TwinsTony Oliva
60.6%
BrewersDon Money
60.3%
YankeesBobby Bonds
58.8%
IndiansGaylord Perry
58.5%
RangersJim Sundberg
58.4%
TwinsLarry Hisle
58.3%
TwinsBert Blyleven
58.1%
OriolesTommy Davis
56%
RangersWillie Davis
56%
RangersMike Hargrove
55.8%
IndiansGeorge Hendrick
55.4%
TwinsLyman Bostock
54.2%
White SoxWilbur Wood
53%
TwinsDanny Thompson
52.9%
AngelsJerry Remy
51.9%
RangersFerguson Jenkins
51.8%
White SoxBill Melton
51.7%
OriolesAndy Etchebarren
50.8%
AthleticsAl Dark
49.3%
RoyalsCookie Rojas
49.2%
BrewersHank Aaron
47.2%
White SoxJorge Orta
46.5%
Red SoxBob Montgomery
46%
IndiansOscar Gamble
45.9%
White SoxBrian Downing
45.9%
TigersRalph Houk
45.7%
RoyalsSteve Busby
43.7%
AthleticsPhil Garner
43.5%
YankeesSandy Alomar
42.7%
TigersTom Veryzer
42%
Team Player % Correct
YankeesRon Blomberg
38.3%
BrewersPedro Garcia
37.4%
RangersJim Spencer
37.1%
White SoxKen Henderson
37%
BrewersJim Slaton
36.6%
Red SoxJuan Beniquez
34.6%
TwinsEric Soderholm
34.3%
RangersLenny Randle
33.7%
YankeesBill Virdon
33.3%
White SoxChuck Tanner
33.2%
Red SoxDoug Griffin
32.8%
BrewersSixto Lezcano
32.4%
AngelsDave Chalk
32.3%
AngelsTommy Harper
31.2%
TigersJoe Coleman
30.8%
RangersDave Nelson
30.1%
Red SoxTony Conigliaro
29.8%
IndiansCharlie Spikes
28.3%
YankeesJim Mason
28.1%
RangersCesar Tovar
27.5%
IndiansJack Brohamer
27.5%
IndiansJohn Ellis
27%
TwinsBobby Darwin
26.1%
RoyalsFran Healy
25%
TwinsSteve Braun
25%
YankeesDoc Medich
24.8%
RoyalsJack McKeon
24.7%
RoyalsVada Pinson
24.4%
BrewersJohn Briggs
22.6%
AngelsBruce Bochte
20.9%
TigersGary Sutherland
20.7%
YankeesEd Herrmann
20.1%
TigersDan Meyer
18.9%
BrewersDel Crandall
18.7%
TwinsFrank Quilici
18.6%
AngelsOrlando Ramirez
18.4%
TigersNate Colbert
18%
TwinsGlenn Borgmann
17.5%
AngelsJoe Lahoud
16.1%
BrewersBob Coluccio
15.8%
TigersArt James
14.2%
White SoxNyls Nyman
13.3%
White SoxBuddy Bradford
12.8%
IndiansEd Crosby
9.2%

You're not logged in!

Compare scores with friends on all Sporcle quizzes.
Join for Free
OR
Log In

You Might Also Like...

Show Comments

Extras

Top Quizzes Today


Score Distribution

Your Account Isn't Verified!

In order to create a playlist on Sporcle, you need to verify the email address you used during registration. Go to your Sporcle Settings to finish the process.

Report this User

Report this user for behavior that violates our Community Guidelines.

Details: